000 00452nam a2200181Ia 4500
001 22372
005 20260414150827.0
008 260414t2010||||xx |||||||||||||| ||spa||
041 _aESP
082 _a621.38
_bC247H
100 _aHucaby, David
_eAUT
245 0 _aCCNP SWITCH 642-813 :
_bofficial certification guide
260 _c2010
300 _axxvii, 460 páginas :
_c24 cm.
650 _aTCA
654 _aCET
942 _cLIB
_dJUS
_fJUS
_2ddc
_n
999 _c22372
_d22372